To Deploy and configure A Comprehensive Network Monitoring and Analysis Solution for the NUST-SEECS Network [Project BICSE2] (Record no. 9149)
[ view plain ]
| 000 -LEADER | |
|---|---|
| fixed length control field | 00680 a2200181 4500 |
| 003 - CONTROL NUMBER IDENTIFIER | |
| control field | NUST |
| 038 ## - RECORD CONTENT LICENSOR | |
| Staff Name | a |
| 082 ## - DEWEY DECIMAL CLASSIFICATION NUMBER | |
| Classification number | BICSE-2 |
| 100 ## - MAIN ENTRY--PERSONAL NAME | |
| Personal name | M. Hassan Sajid |
| 9 (RLIN) | 92889 |
| 245 ## - TITLE STATEMENT | |
| Title | To Deploy and configure A Comprehensive Network Monitoring and Analysis Solution for the NUST-SEECS Network [Project BICSE2] |
| Statement of responsibility, etc. | M. Hassan Sajid |
| 260 ## - PUBLICATION, DISTRIBUTION, ETC. | |
| Place of publication, distribution, etc. | Islamabad, |
| Name of publisher, distributor, etc. | NUST School of Electrical Engineering & Computer Science, |
| Date of publication, distribution, etc. | 2008. |
| 300 ## - PHYSICAL DESCRIPTION | |
| Extent | 65 p. |
| Other physical details | : ill. |
| Dimensions | ; 27 cm. + |
| Accompanying material | CD-ROM |
| 500 ## - GENERAL NOTE | |
| General note | Supervisors : Mr. Ali Sajjad, Mr. Ali Haider. |
| 563 ## - BINDING INFORMATION | |
| Binding note | a |
| 700 ## - ADDED ENTRY--PERSONAL NAME | |
| Personal name | Muhammad Awais |
| 9 (RLIN) | 51909 |
| 856 ## - ELECTRONIC LOCATION AND ACCESS | |
| Uniform Resource Identifier | <a href="http://10.250.8.41:8080/xmlui/handle/123456789/10738">http://10.250.8.41:8080/xmlui/handle/123456789/10738</a> |
| 942 ## - ADDED ENTRY ELEMENTS (KOHA) | |
| Koha item type | Thesis |
| Call number prefix | BICSE-2 HAS |
| Source of classification or shelving scheme | |
| Withdrawn status | Lost status | Source of classification or shelving scheme | Damaged status | Not for loan | Permanent Location | Current Location | Date acquired | Full call number | Barcode | Date last seen | Price effective from | Koha item type |
|---|---|---|---|---|---|---|---|---|---|---|---|---|
| WITHDRAWN | Central Library (CL) | Central Library (CL) | 07/04/2022 | BICSE-2 HAS | SEECSP00677 | 11/14/2012 | 11/14/2012 | Project Report |
